The Year book of pathology and laboratory medicine.

Saved in:
Bibliographic Details
Previous Title:Year book of pathology and clinical pathology
Corporate Author: MD Consult LLC
Format: Serial
Language:English
Published: St. Louis, MO : Mosby, c1995-2015
Series:The Year book series
Subjects:
LEADER 02085cas a2200553 a 4500
001 c000400541
003 CARM
005 20181025092105.0
007 t|
008 181025d19952015mouar a 0 a0eng d
010 |a 95660790  |z sn 94002905 
016 7 |a 9509504  |2 DNLM 
016 7 |a SR0082403  |2 DNLM 
019 1 |a 11228862  |5 LACONCORD2021 
022 0 |a 1077-9108  |y 0084-3946 
035 |a (OCoLC)30927639  |5 LACONCORD2021 
040 |a NSDP  |b eng  |c NSDP  |d OCoLC  |d NSDP  |d DLC  |d DNLM  |d DLC  |d MH  |d OCoLC  |d LC 
042 |a nsdp  |a lc 
050 0 0 |a RB1  |b .Y4 
060 0 |a W1  |b YE293 
060 0 0 |a W1  |b YE293 
082 0 0 |a 616.07/05  |2 20 
210 0 |a Year book pathol. lab. med 
222 4 |a The Year book of pathology and laboratory medicine 
245 0 4 |a The Year book of pathology and laboratory medicine. 
246 3 |a Yearbook of pathology and laboratory medicine 
260 |a St. Louis, MO :  |b Mosby,  |c c1995-2015 
300 |a v. :  |b ill. ;  |c 24 cm. 
310 |a Annual 
362 0 |a 1995-2015 
362 1 |a Ceased with 2015 ed. 
490 0 |a The Year book series 
530 |a Also available online via the World Wide Web by subscription to MD Consult Core Collection. 
650 0 |a Pathology  |v Periodicals. 
650 0 |a Diagnosis, Laboratory  |v Periodicals. 
650 0 |a Pathology  |v Abstracts  |v Periodicals. 
650 0 |a Diagnosis, Laboratory  |v Abstracts  |v Periodicals. 
650 2 |a Clinical Laboratory Techniques. 
650 2 |a Pathology. 
710 2 |a MD Consult LLC. 
760 0 |t Year book series 
780 0 0 |t Year book of pathology and clinical pathology  |x 0084-3946  |w (DLC)sn 82004567  |w (OCoLC)1770325 
852 8 |b CARM  |i B12605  |p 0507487  |j 2002-2007  |f SE 
852 8 |b SCAN  |h A3:AH33B0  |i B12605  |p 0507487  |f SE 
852 8 |b SCAN  |h A3:AH33B0  |i B12605  |p 0507487  |f SE 
866 0 |a 2002-2007 
999 f f |i 11427b7b-3e23-5371-8f94-b8f2e010b7b4  |s 60a8f18a-206a-5eed-bb10-a9cd9a380ecf 
952 f f |p Can circulate  |a CAVAL  |b CAVAL  |c CAVAL  |d CARM 1 Store  |e B12605  |h Other scheme  |i book  |k 2002-2007  |m 0507487 
952 f f |a CAVAL  |b CAVAL  |c CAVAL  |d Unmapped Location  |e B12605  |f A3:AH33B0  |h Other scheme